000 00844nam a22002657a 4500
999 _c15927
_d15927
003 AR-CdUCM
008 190430b ||||| |||| 00| 0 spa d
040 _aMUNICIPALIDAD PROVINCIAL DEL CUSCO
_cBIBLIOTECA MUNICIPAL DEL CUSCO
082 _aEP / 803 /
_bR44
100 _aRetamoso Farfán, Ronal
_935166
245 _aTaytaku Warmakunawan /
260 _aApurímac :
_bCIMAGRAF,
_c2009.
300 _a12 páginas ;
_bilustraciones,
_c21 cm.
500 _aTexto en Quechua.
650 _aLiteratura
_983
650 _aCuentos infantiles
_93927
650 _aAprendizaje
_92143
700 _aCariapaza Nayhua, María Elena
_934859
710 _aUnidad de Gestión Educativa local - Andahuaylas.
_935167
710 _aUNICEF.
_99438
710 _aUNFPA
_934852
710 _aOPS
_934851
942 _2ddc
_cLIBROS
945 _aachl
_d2019-04-30